| 000 | 01376nam a2200313Ia 4500 | ||
|---|---|---|---|
| 001 | ebr10085522 | ||
| 003 | CaPaEBR | ||
| 006 | m u | ||
| 007 | cr cn||||||||| | ||
| 008 | 861118s1986 dcua sb 001 0 eng d | ||
| 010 | _z 86028622 | ||
| 020 | _z0309037301 (pbk.) | ||
| 040 |
_aCaPaEBR _cCaPaEBR |
||
| 035 | _a(OCoLC)44961424 | ||
| 050 | 1 | 4 |
_aRA1242.T6 _bN35 1986eb |
| 082 | 0 | 4 |
_a363.7/392 _219 |
| 110 | 2 |
_aNational Research Council (U.S.). _bCommittee on Passive Smoking. |
|
| 245 | 1 | 0 |
_aEnvironmental tobacco smoke _h[electronic resource] : _bmeasuring exposures and assessing health effects / _cCommittee on Passive Smoking, Board on Environmental Studies and Toxicology, National Research Council. |
| 260 |
_aWashington, D.C. : _bNational Academy Press, _c1986. |
||
| 300 |
_axiii, 337 p. : _bill. |
||
| 504 | _aIncludes bibliographies and index. | ||
| 533 |
_aElectronic reproduction. _bPalo Alto, Calif. : _cebrary, _d2009. _nAvailable via World Wide Web. _nAccess may be limited to ebrary affiliated libraries. |
||
| 650 | 0 |
_aTobacco smoke pollution _xMeasurement. |
|
| 650 | 0 |
_aTobacco smoke _xToxicity testing. |
|
| 650 | 0 | _aPassive smoking. | |
| 655 | 7 |
_aElectronic books. _2local |
|
| 710 | 2 | _aebrary, Inc. | |
| 856 | 4 | 0 |
_uhttp://site.ebrary.com/lib/rucke/Doc?id=10085522 _zAn electronic book accessible through the World Wide Web; click to view |
| 999 |
_c49680 _d49680 |
||